Lý thuyết đồ thị

Guardado en:
Detalles Bibliográficos
Autor principal: NGUYỄN HỮU NGỰ
Formato: Libro
Lenguaje:Undetermined
Publicado: Hfa Nội ĐHQG 2001
Materias:
Etiquetas: Agregar Etiqueta
Sin Etiquetas, Sea el primero en etiquetar este registro!
Thư viện lưu trữ: Trung tâm Học liệu Trường Đại học Cần Thơ
LEADER 00486nam a2200181Ia 4500
001 CTU_46699
008 210402s9999 xx 000 0 und d
082 |a 511.5 
082 |b Ng550 
100 |a NGUYỄN HỮU NGỰ 
245 0 |a Lý thuyết đồ thị 
245 0 |c NGUYỄN HỮU NGỰ 
260 |a Hfa Nội 
260 |b ĐHQG 
260 |c 2001 
650 |a algebra 
650 |x graphic method 
980 |a Trung tâm Học liệu Trường Đại học Cần Thơ